| Tag |
First Indicator |
Second Indicator |
Subfields |
| LEADER |
00000cam a2200000 i 4500 |
| 001 |
in00002781352 |
| 005 |
20150922133814.0 |
| 008 |
120528s2012 it 000 1 ita d |
| 020 |
|
|
|a 9788860889089
|
| 020 |
|
|
|a 8860889081
|
| 035 |
|
|
|a (OCoLC)ocn794362129
|
| 040 |
|
|
|a C3L
|c C3L
|d IXA
|d TXA
|d UtOrBLW
|
| 043 |
|
|
|a e-it---
|
| 049 |
|
|
|a TXAM
|
| 082 |
0 |
|
|a 853
|2 21
|
| 090 |
|
|
|a PQ4913.O57
|b S37 2012
|
| 100 |
1 |
|
|a Morozzi, Gianluca,
|d 1971-
|
| 245 |
1 |
3 |
|a Lo scrittore deve morire /
|c Gianluca Morozzi, Heman Zed.
|
| 264 |
|
1 |
|a Milano :
|b Ugo Guanda,
|c [2012]
|
| 264 |
|
4 |
|c ©2012
|
| 300 |
|
|
|a 313 pages ;
|c 22 cm.
|
| 336 |
|
|
|a text
|b txt
|2 rdacontent
|
| 337 |
|
|
|a unmediated
|b n
|2 rdamedia
|
| 338 |
|
|
|a volume
|b nc
|2 rdacarrier
|
| 490 |
1 |
|
|a Narratori della Fenice
|
| 700 |
1 |
|
|a Zed, Heman.
|
| 830 |
|
0 |
|a Narratori della fenice.
|
| 948 |
|
|
|a cataloged
|b h
|c 2012/11/2
|d c
|e dmitchel
|f 2:50:40 pm
|
| 994 |
|
|
|a C0
|b TXA
|
| 999 |
|
|
|a MARS
|
| 999 |
f |
f |
|s 1c8e8ce9-e8af-3c68-9019-51252bc9afc6
|i ab1cba1e-10af-3708-8da5-4e4bb8660743
|t 0
|
| 952 |
f |
f |
|p normal
|a Texas A&M University
|b College Station
|c Sterling C. Evans Library
|d Evans: Library Stacks
|t 0
|e PQ4913.O57 S37 2012
|h Library of Congress classification
|i unmediated -- volume
|m A14838750636
|
| 998 |
f |
f |
|a PQ4913.O57 S37 2012
|t 0
|l Evans: Library Stacks
|